[Event "Bangalore op 1st"]
[Site "Bangalore"]
[Date "2024.01.26"]
[Round "10"]
[White "John, Veny Akkarakarn"]
[Black "Saptarshi, Roy Chowdhury"]
[Result "1/2-1/2"]
[WhiteElo "2112"]
[BlackElo "2322"]
[PlyCount "102"]
[EventDate "2024.01.18"]
[EventType "swiss"]
[EventRounds "10"]
[EventCountry "IND"]
[SourceTitle "CB05_2024"]
[SourceDate "2024.01.31"]
[SourceVersion "1"]
[SourceVersionDate "2024.01.31"]
[SourceQuality "1"]

1. e4 e5 2. Nf3 Nc6 3. Bb5 a6 4. Ba4 Nge7 5. Nc3 Ng6 6. 0-0 Bc5 7. Nd5 b5 8. Bb3 d6 9. c3 h6 10. d3 0-0 11. Re1 Ba7 12. a4 Be6 13. Be3 Bxe3 14. Nxe3 Nf4 15. d4 exd4 16. cxd4 Nb4 17. Bxe6 fxe6 18. Ra3 c5 19. Nc2 Nxc2 20. Qxc2 c4 21. Rae3 Nd3 22. Rf1 Qb6 23. axb5 axb5 24. b3 d5 25. Rxd3 cxd3 26. Qxd3 Qc6 27. exd5 Qxd5 28. h3 Ra3 29. Rb1 Qf5 30. Qxf5 Rxf5 31. Kf1 Ra2 32. h4 b4 33. Re1 Rb2 34. Rxe6 Rxb3 35. Rb6 Rb2 36. Kg1 b3 37. Kh2 Rf6 38. Rb7 Kf8 39. Kh3 Ke8 40. Ne5 Rb1 41. Kg3 Ra6 42. d5 b2 43. Nc4 Rc1 44. Nxb2 Rb1 45. Rb4 Kd7 46. Rb7+ Kc8 47. Rb3 Kd8 48. Rb8+ Ke7 49. Rb3 Kd7 50. Rb7+ Kc8 51. Rb3 Kd7 1/2-1/2

[Event "IND-ch U14"]
[Site "Ahmedabad"]
[Date "2022.05.12"]
[Round "8"]
[White "Vaz, Ethan"]
[Black "John, Veny Akkarakarn"]
[Result "0-1"]
[WhiteElo "1792"]
[BlackElo "1855"]
[PlyCount "150"]
[EventDate "2022.05.09"]
[EventType "swiss"]
[EventRounds "11"]
[EventCountry "IND"]
[SourceTitle "CBM 208 Extra"]
[Source "ChessBase"]
[SourceDate "2022.07.31"]
[SourceVersion "1"]
[SourceVersionDate "2022.07.31"]
[SourceQuality "1"]

1. e4 e6 2. d4 d5 3. Nd2 Nf6 4. e5 Nfd7 5. Bd3 c5 6. c3 Nc6 7. Ne2 cxd4 8. cxd4 f6 9. exf6 Nxf6 10. Nf3 Bd6 11. 0-0 Qc7 12. Nc3 a6 13. Re1 0-0 14. h3 Bd7 15. Be3 Rae8 16. Rc1 Qb8 17. a3 Re7 18. b4 Be8 19. Na4 Bh5 20. Be2 Ne4 21. Nc3 Nxc3 22. Rxc3 Bf4 23. g4 Bg6 24. Bd3 Bxe3 25. Rxe3 Bxd3 26. Qxd3 Qf4 27. Rc2 h5 28. g5 e5 29. Qb3 e4 30. Qxd5+ Kh7 31. g6+ Kxg6 32. Rc5 Kh7 33. Qxh5+ Kg8 34. Qd5+ Ref7 35. Qxe4 Qxe4 36. Rxe4 Rxf3 37. d5 Nd8 38. Rd4 Rxf2 39. Rc8 R2f7 40. Kg2 Rd7 41. Kg3 Rf5 42. d6 Rf6 43. Rc7 Rdxd6 44. Rg4 Rd3+ 45. Kg2 Rf7 46. Rc8 Kh7 47. Rh4+ Kg6 48. Rg4+ Kf6 49. Rf4+ Ke7 50. Rc7+ Rd7 51. Re4+ Ne6 52. Rc2 Rf4 53. Re3 Rfd4 54. Rce2 R7d6 55. Kf2 Rd3 56. Re4 Rxh3 57. a4 g5 58. Kg2 Rh4 59. Rxh4 gxh4 60. Re4 Rd4 61. Re5 Rxb4 62. a5 Kd6 63. Re1 Nc5 64. Kh3 Kc6 65. Re5 Kb5 66. Rh5 Rc4 67. Kg2 Kxa5 68. Kf3 b5 69. Ke3 Kb4 70. Kd2 a5 71. Rf5 a4 72. Rf1 a3 73. Rb1+ Nb3+ 74. Kd3 a2 75. Rh1 a1Q 0-1

[Event "IND-ch U14"]
[Site "Ahmedabad"]
[Date "2022.05.11"]
[Round "6"]
[White "Shaik, Sumer Arsh"]
[Black "John, Veny Akkarakarn"]
[Result "0-1"]
[WhiteElo "1999"]
[BlackElo "1855"]
[PlyCount "140"]
[EventDate "2022.05.09"]
[EventType "swiss"]
[EventRounds "11"]
[EventCountry "IND"]
[SourceTitle "CBM 208 Extra"]
[Source "ChessBase"]
[SourceDate "2022.07.31"]
[SourceVersion "1"]
[SourceVersionDate "2022.07.31"]
[SourceQuality "1"]

1. d4 e6 2. c4 Nf6 3. Nc3 Bb4 4. Qc2 b6 5. e4 c5 6. d5 Qe7 7. Nge2 exd5 8. exd5 d6 9. Bd2 0-0 10. f3 Nbd7 11. 0-0-0 Ne5 12. Ng3 Re8 13. Re1 Qd8 14. f4 Ned7 15. Bd3 Nf8 16. a3 Ba5 17. Rxe8 Nxe8 18. Nce4 Bxd2+ 19. Qxd2 Nd7 20. Re1 Ndf6 21. Qe3 Bd7 22. Nc3 Nc7 23. Nge4 Qe7 24. Nxf6+ Qxf6 25. Ne4 Qh6 26. Ng5 Re8 27. Qg3 f5 28. Rxe8+ Nxe8 29. Qe3 Qf6 30. g4 Nc7 31. gxf5 Bxf5 32. Bxf5 Qxf5 33. Ne4 Qd7 34. Qg3 Qe7 35. Qg2 h6 36. f5 Ne8 37. Qe2 Qe5 38. Ng3 Qxe2 39. Nxe2 Kf7 40. Ng3 Kf6 41. Kc2 Ke5 42. Kd3 Kf4 43. b4 Nf6 44. bxc5 bxc5 45. Ne2+ Kxf5 46. Nc3 a6 47. a4 g5 48. a5 g4 49. Nb5 Ne8 50. Nc3 Ke5 51. Ke3 Nf6 52. Ne2 Nh5 53. Nc3 Ng7 54. Ne4 Nf5+ 55. Kd3 Nd4 56. Nf2 h5 57. Ne4 Nf3 58. Ke3 Nxh2 59. Ng5 Nf1+ 60. Kf2 Nd2 61. Nf7+ Kf4 62. Nxd6 h4 63. Nf7 h3 64. d6 Ne4+ 65. Kf1 h2 66. Kg2 g3 67. Ne5 Nf2 68. Nd3+ Nxd3 69. d7 Nf2 70. d8Q h1Q# 0-1

[Event "IND-ch U14"]
[Site "Ahmedabad"]
[Date "2022.05.10"]
[Round "4"]
[White "Md, Imran"]
[Black "John, Veny Akkarakarn"]
[Result "0-1"]
[WhiteElo "2122"]
[BlackElo "1855"]
[PlyCount "70"]
[EventDate "2022.05.09"]
[EventType "swiss"]
[EventRounds "11"]
[EventCountry "IND"]
[SourceTitle "CBM 208 Extra"]
[Source "ChessBase"]
[SourceDate "2022.07.31"]
[SourceVersion "1"]
[SourceVersionDate "2022.07.31"]
[SourceQuality "1"]

1. d4 e6 2. c4 Nf6 3. Nf3 Bb4+ 4. Bd2 Qe7 5. Qc2 Bxd2+ 6. Nbxd2 d6 7. g3 e5 8. e4 0-0 9. Bg2 a5 10. 0-0 Na6 11. Qc3 exd4 12. Nxd4 Nc5 13. Rae1 c6 14. h3 Qc7 15. N2b3 Nxb3 16. Nxb3 Nd7 17. Kh2 a4 18. Nd4 Nc5 19. f4 Re8 20. e5 dxe5 21. fxe5 Be6 22. b4 axb3 23. axb3 Qb6 24. Qf3 Re7 25. Qe3 Nd7 26. Qf4 Nc5 27. Qh4 Rd7 28. Nxe6 Nxe6 29. Re4 Ra2 30. Kh1 Qxb3 31. Qg4 Qc2 32. Rg1 Rd2 33. Qf3 Ng5 34. Qf5 h6 35. e6 fxe6 0-1

[Event "IND-ch U18 31st"]
[Site "Pollachi"]
[Date "2022.04.19"]
[Round "3"]
[White "John, Veny Akkarakarn"]
[Black "Ayush, Sharma"]
[Result "1-0"]
[WhiteElo "1687"]
[BlackElo "2311"]
[PlyCount "117"]
[EventDate "2022.04.18"]
[EventType "swiss"]
[EventRounds "11"]
[EventCountry "IND"]
[SourceTitle "EXT 2023"]
[Source "ChessBase"]
[SourceDate "2022.10.05"]
[SourceVersion "1"]
[SourceVersionDate "2022.10.05"]
[SourceQuality "1"]

1. e4 c5 2. Nf3 d6 3. d4 cxd4 4. Nxd4 Nf6 5. Nc3 a6 6. Be2 e5 7. Nb3 Be7 8. 0-0 0-0 9. Kh1 Nbd7 10. a4 b6 11. Be3 Bb7 12. f3 Rc8 13. Nd2 Qc7 14. Nc4 Rcd8 15. a5 b5 16. Nb6 d5 17. Ncxd5 Nxd5 18. Nxd5 Bxd5 19. exd5 Bc5 20. Bg5 f6 21. Bd2 f5 22. b4 Ba7 23. c4 bxc4 24. Rc1 Nf6 25. Bxc4 Qd6 26. Qe2 f4 27. Bxa6 Kh8 28. b5 Bd4 29. Rc6 Qxd5 30. Qc4 Qd7 31. Bb4 Rfe8 32. Rc7 Qf5 33. Qf7 Rg8 34. Be7 Rd7 35. b6 e4 36. Rxd7 Qxd7 37. Bc4 Ra8 38. Bxf6 Qxf7 39. Bxf7 gxf6 40. b7 Rb8 41. a6 e3 42. Rc1 Ba7 43. Rc8+ Kg7 44. Bc4 Kg6 45. g3 h5 46. Bd3+ Kf7 47. gxf4 Ke6 48. h4 Kd5 49. Kg2 Kd4 50. Be2 f5 51. Kf1 Kd5 52. Bb5 Kd6 53. Ke2 Ke7 54. Be8 Kf6 55. Bxh5 Kg7 56. Be8 Kh6 57. Rxb8 Bxb8 58. Kxe3 Kg7 59. h5 1-0

[Event "Sivagangai Tamilnadu op U11 32th"]
[Site "Sivagangai Tamilnadu"]
[Date "2018.08.04"]
[Round "10.7"]
[White "Mayank, Chakraborty"]
[Black "John, Veny Akkarakarn"]
[Result "1-0"]
[WhiteElo "1529"]
[BlackElo "1667"]
[PlyCount "135"]
[EventDate "2018.07.28"]
[EventType "swiss"]
[EventRounds "11"]
[EventCountry "IND"]
[SourceTitle "EXT 2024"]
[Source "ChessBase"]
[SourceDate "2023.10.10"]
[SourceVersion "1"]
[SourceVersionDate "2023.10.10"]
[SourceQuality "1"]

1. e4 e6 2. d4 d5 3. Nc3 Nf6 4. Bg5 Be7 5. e5 Nfd7 6. Bxe7 Qxe7 7. f4 0-0 8. Nf3 c5 9. dxc5 Nc6 10. Qd2 f5 11. exf6 Qxf6 12. g3 Nxc5 13. 0-0-0 a6 14. Qe3 b6 15. Bh3 Bd7 16. f5 Rae8 17. Qg5 Qxg5+ 18. Nxg5 d4 19. fxe6 Bxe6 20. Nxe6 Nxe6 21. Nd5 b5 22. Rhf1 a5 23. Rxf8+ Nxf8 24. Nc7 Re5 25. Bg2 Nd8 26. Rxd4 Nfe6 27. Nxe6 Nxe6 28. Re4 Rxe4 29. Bxe4 Nc5 30. Bd5+ Kf8 31. Kd2 Ke7 32. Ke3 Kd6 33. Kd4 Na6 34. c4 bxc4 35. Kxc4 Nc7 36. Be4 h6 37. a3 h5 38. Bg6 h4 39. gxh4 Kc6 40. Be4+ Kd6 41. b4 axb4 42. axb4 Ke6 43. Bb7 Kd6 44. Kd4 Nb5+ 45. Ke4 Ke6 46. Bc8+ Kd6 47. Kf5 Ke7 48. Kg6 Kf8 49. Be6 Nd4 50. Bd5 Ne2 51. Kh7 Nf4 52. Bc4 Nh5 53. b5 Nf6+ 54. Kg6 Nd7 55. Be6 Nb6 56. h5 Na4 57. h4 Nb6 58. h6 gxh6 59. h5 Na8 60. Kxh6 Nc7 61. b6 Na6 62. Kg6 Nb8 63. h6 Nc6 64. h7 Ne7+ 65. Kf6 Nd5+ 66. Bxd5 Ke8 67. Be6 Kd8 68. h8Q# 1-0